LEADER 01449oas 2200565 a 450 001 9910145023803321 005 20251106213014.0 011 $a1817-4167 035 $a(DE-599)ZDB2147015-7 035 $a(OCoLC)58046672 035 $a(CONSER) 2006204129 035 $a(CKB)1000000000238803 035 $a(EXLCZ)991000000000238803 100 $a20050304a19679999 sf 101 0 $aeng 135 $aurcnu|||||||| 181 $ctxt$2rdacontent 182 $cc$2rdamedia 183 $acr$2rdacarrier 200 10$aCopyright bulletin /$fUnesco 210 $aParis $cUnesco 300 $aRefereed/Peer-reviewed 300 $aRefereed/Peer-reviewed 311 08$a1014-5478 531 0 $aCopyr. bull. 606 $aCopyright$vPeriodicals 606 $aCopyright, International$vPeriodicals 606 $aCopyright$2fast$3(OCoLC)fst00878706 606 $aCopyright, International$2fast$3(OCoLC)fst00878799 608 $aPeriodicals.$2fast 615 0$aCopyright 615 0$aCopyright, International 615 7$aCopyright. 615 7$aCopyright, International. 712 02$aUnesco 801 0$bIUB 801 1$bIUB 801 2$bOCLCQ 801 2$bDLC 801 2$bOCLCQ 801 2$bOCLCF 801 2$bOCLCO 801 2$bVT2 801 2$bOCLCQ 801 2$bOCLCL 801 2$bOCLCQ 906 $aJOURNAL 912 $a9910145023803321 996 $aCopyright bulletin$91925123 997 $aUNINA